| 000 | 01467nam0a22003251 4500 | ||
|---|---|---|---|
| 001 | v19\rc\1634796 | ||
| 005 | 20061002123558.0 | ||
| 035 | _a(NLR Aleph) 004749257 | ||
| 090 |
_a4529558 _c4529558 |
||
| 100 | _a20061002e19001899|||y0rusy50 ca | ||
| 101 | 1 |
_arus _cfre |
|
| 102 | _aRU | ||
| 105 | _aa j ||||| | ||
| 200 | 1 |
_aКлинические лекции, читанные в 1897-1898 гг. в Hôtel-Dieu в Париже _e(Prof. G. Dieulafoy, Clinigue médicale de L'Hôtel Dieu de Paris. 1897-1898. Paris, 1899) _fG. Dieulafoy, проф. Мед. фак. Париж. ун-та _gПер. с фр. д-ра мед. М.Б. Блюменау |
|
| 210 |
_aСанкт-Петербург _cжурн. "Практ. медицина" (В.С. Эттингер) _d1900 |
||
| 215 |
_aIV, 267 с. _cил. _d24 |
||
| 311 | _aОтт. из журн. Практ. медицина. 1899 № 8-9, 12 | ||
| 454 | 0 |
_12001#$aClinigue médicale de L'Hôtel Dieu de Paris. 1897-1898 _1210##$aParis$d1899 _1700#1$aDieulafoy$bG. |
|
| 488 | 0 | _12001#$aПрактическая медицина$v1899, № 8-9, 12 | |
| 700 | 1 |
_aДьелафуа _bЖ. _f1840-1911 _gЖорж |
|
| 702 | 1 |
_aБлюменау _bМ. Б. _f1859- _gМакс Борисович _4730 |
|
| 801 | 0 |
_aRU _bNLR _gpsbo |
|
| 801 | 0 |
_aRU _bRuMoRGB _2psbo |
|
| 801 | 1 |
_aRU _bProSoft-M _2rusmarc |
|
| 852 |
_aNLR _j19.54.5.12 |
||
| 852 |
_aNLR _j131/215 |
||
| 899 |
_aRuMoRGB _jM 6/40 |
||
| 899 | _aБАН | ||
| 942 | _cBOOK | ||
| 980 | _aNB | ||